00320nam a2200121Ia 450000500170000000800410001708200130005810000200007124500360009126000250012730000120015250000340016420250320221433.0240331s9999 xx 000 0 und d bPACa894 aPaachiyappan, R 0aParathiyin puthuchcheri vaalkai aChennaibPonnic2004 a80 p ., aA story of harathiyer Valkai